Statistiken für Liedtext - Keine Maschine - Tim Bendzko

Klicken Sie hier um das Quiz zu spielen!

Allgemein

  • Dieses Quiz wurde 356 mal gespielt
  • Das Durchschnittsergebnis liegt bei 173 aus 233

Antwortstatistiken

Textquiz% Korrekt
bin
99%
Bin
99%
ich
99%
Ich
99%
keine
99%
Maschine
99%
ein
98%
und
98%
Und
98%
aus
97%
doch
97%
Mensch
97%
Blut
96%
Fleisch
96%
will
82%
der
81%
leb'
80%
zu
80%
bis
78%
Bis
78%
Leben
78%
leben
78%
mein
77%
mit
77%
zum
76%
all
75%
Atemzug
72%
Fehlern
72%
letzten
72%
meinen
72%
du
69%
das
68%
die
68%
Die
68%
Meiner
64%
Euphorie
63%
es
62%
Es
62%
so
61%
Wut
61%
Von
60%
von
60%
Fantasie
57%
Luft
57%
nicht
57%
ist
56%
Kann
56%
auf
55%
muss
55%
Muss
55%
nur
54%
wie
54%
Wenn
52%
hier
51%
in
51%
schon
48%
davon
47%
mich
47%
mehr
46%
noch
46%
Welt
46%
Einfach
44%
mir
44%
Option
43%
viel
43%
liest
42%
selbst
41%
weitermachen
41%
zurück
41%
aber
40%
funktionieren
40%
Werd'
40%
werd'
40%
brauche
39%
ganze
39%
gestalten
39%
gibt
39%
probieren
39%
steh'
39%
ausbrechen
38%
erleben
37%
Kontrolle
37%
wenigstens
37%
steht
35%
frei
33%
offen
33%
Außergewöhnliches
32%
bewegen
32%
daneben
32%
angewurzelt
31%
Ketten
31%
liege
31%
kapitulieren
29%
Regeln
29%
Stelle
29%
unausgesprochenen
29%
Schwerkraft
28%
Trete
27%
besieg'
26%

Verteilung der Resultate

Perzentil nach korrekt beantworteten Fragen

Anzahl Personen mit jedem Resultat

Ihre Resultats-Entwicklung

Sie haben dieses Quiz noch nicht gespielt